00249nam a22000737a 4500082001400000245007300014260007900087300000900166 a658.3 MAN aManagement of Industrial Enterprises in Under - Developed Countries/ aNew York:bUnited Nation,Department of Economic and Social Affairs,c1958. a35p;